Notas de población
Kaydedildi:
| Müşterek Yazar: | |
|---|---|
| Materyal Türü: | Kitap |
| Dil: | İspanyolca |
| Baskı/Yayın Bilgisi: |
Santiago
Naciones Unidas
2009
|
| Konular: | |
| Etiketler: |
Etiketle
Etiket eklenmemiş, İlk siz ekleyin!
|
MARC
| LEADER | 00000nam a2200000 a 4500 | ||
|---|---|---|---|
| 001 | UCG2915 | ||
| 003 | CL-VaPUC | ||
| 008 | 100729e20090000CL |||||||||||||||||spa|d | ||
| 020 | |a 9789213233047 | ||
| 082 | 0 | 4 | |a 304.6 |b CEP |2 21 |
| 110 | 2 | |a CEPAL |e author |9 551590 | |
| 245 | 1 | 0 | |a Notas de población |
| 300 | |a 229 p | ||
| 942 | |c BK | ||
| 945 | |d 20100729 00:00:00 |a mfarfan | ||
| 260 | |a Santiago |b Naciones Unidas |c 2009 | ||
| 500 | |a Revista: año XXXVI, n§89 | ||
| 650 | 0 | |a Demografía |9 260008 | |
| 650 | 0 | |a Población |9 257577 | |
| 650 | 0 | |a Estadística |9 259535 | |
| 651 | 0 | |a América Latina |9 255027 | |
| 583 | |a last modification |c 20100729 00:00:00 |k Rodrigo Vera | ||
| 999 | |c 342016 |d 342014 | ||
| 952 | |0 0 |1 0 |4 0 |6 304_600000000000000_CEP_2009 |7 0 |8 A |9 437955 |a BIBGIM |b BIBGIM |d 2019-11-22 |i 4699653 |o 304.6 CEP 2009 |p 4699653 |r 2025-01-15 |w 2019-11-22 |y BK |k GIM | ||